| 000 | 00566nam a2200193 i 4500 | ||
|---|---|---|---|
| 001 | 38604 | ||
| 003 | ES-MaACL | ||
| 005 | 20230906155803.0 | ||
| 007 | t| | ||
| 008 | 030226s1960 sp ||||1| spa d | ||
| 100 | 1 |
_aBurns, Charles L. C. _932748 |
|
| 245 | 1 | 4 |
_aLos niños inadaptados / _cCharles L.C. Burns ; [traducción Juan Godo Costa]. |
| 250 | _a[1ª ed.]. | ||
| 260 |
_aBarcelona : _bHerder, _c1960. |
||
| 300 |
_a111 p. ; _c19 cm. |
||
| 650 | 4 |
_aNiños inadaptados. _9166235 |
|
| 700 | 1 |
_aGodo Costa, Juan. _957532 |
|
| 852 |
_aES-MaACL _jC-18734 _bR.46411 |
||
| 999 |
_c38604 _d38604 |
||